| 000 | 00424nam a2200157 i 4500 | ||
|---|---|---|---|
| 001 | 89564 | ||
| 003 | ES-MaACL | ||
| 005 | 20230906180224.0 | ||
| 007 | t| | ||
| 008 | 050111s1920 fr ||||1| fre d | ||
| 100 | 1 |
_aLaskine, Edmond. _970446 |
|
| 245 | 1 | 4 |
_aLe socialisme suivant les peuples / _cEdmond Laskine. |
| 260 |
_aParĂs : _b[s.n., _c1920] ( _fHemmerlĂ©) |
||
| 300 |
_a264 p. ; _c18 cm. |
||
| 852 |
_aES-MaACL _jF-6418 |
||
| 999 |
_c89564 _d89564 |
||